000 00781nam a2200229 i 4500
001 6085
003 ES-MaACL
005 20230906144805.0
007 t|
008 890710s1987 sp |||| | spa d
020 _a84-00-06696-0
080 _a05(464.1)Residencia
080 _a008(05)(464.1)
245 0 0 _aResidencia
_b: 1926-1934.
260 _aMadrid :
_bCSIC,
_c1987.
300 _a1 v. (pag. var.) ;
_c30 cm.
500 _aReprod. facs. de la revista Residencia, publicada entre 1926 y 1934 por la Residencia de Estudiantes.
610 2 4 _aResidencia de Estudiantes (Madrid)
_96437
630 0 4 _aResidencia (Madrid. 1926)-
_vFacsímiles.
_9167873
710 2 _aConsejo Superior de Investigaciones Científicas (España)
_93236
852 _aES-MaACL
_jL-13156
_z- Enc. tela
999 _c6085
_d6085